| 000 | 00000nam 2200000zi 4500 |
| 001 | 9.942538 |
| 003 | CaOODSP |
| 005 | 20250120130230 |
| 006 | m o d f |
| 007 | cr ||||||||||| |
| 008 | 240828t20242018onc o f000 0 fre d |
| 020 | |a9780660733708 |
| 040 | |aCaOODSP|bfre|erda|cCaOODSP |
| 043 | |an-cn--- |
| 086 | 1 |aCP22-225/2018F-PDF |
| 245 | 00|aÉtablissement de profils de responsabilisation pour les postes pourvus par décret. |
| 264 | 1|a[Ottawa] : |bGouvernement du Canada = Government of Canada, |c[2024] |
| 264 | 4|c©2018 |
| 300 | |a1 ressource en ligne 17 (pages) |
| 336 | |atexte|btxt|2rdacontent/fre |
| 337 | |ainformatique|bc|2rdamedia/fre |
| 338 | |aressource en ligne|bcr|2rdacarrier/fre |
| 500 | |aPublié aussi en anglais sous le titre : Building a Governor in Council position accountability profile. |
| 520 | |a« Un profil de responsabilisation est la description structurée et concise d'un poste qui comprend les données de base et autres renseignements requis pour apprécier celui-ci à partir du plan d'évaluation des postes pourvus par décret. Il contient aussi toutes les informations nécessaires afin de doter le poste. Le présent guide montre comment établir un profil de responsabilisation »--Introduction, page 1. |
| 650 | 6|aHauts fonctionnaires|xSélection et nomination|zCanada. |
| 651 | 6|aCanada|xFonctionnaires|xSélection et nomination. |
| 710 | 1 |aCanada. |bBureau du Conseil privé, |eorganisme de publication. |
| 775 | 08|tBuilding a Governor in Council position accountability profile.|w(CaOODSP)9.942532 |
| 856 | 40|qPDF|s299 Ko|uhttps://publications.gc.ca/collections/collection_2025/bcp-pco/CP22-225-2018-fra.pdf |
| 856 | 4 |qHTML|sS.O.|uhttps://www.canada.ca/fr/conseil-prive/programmes/nominations/nominations-gouverneur-conseil/building-position-profiles1/building-a-gic-position-profile-FR.html |